El fin de la esperanza : testimonio /
Saved in:
| Main Author: | |
|---|---|
| Other Authors: | , |
| Format: | Book |
| Language: | Spanish French |
| Published: |
Buenos Aires :
Oberon,
1956.
|
| Subjects: |
| LEADER | 01353nam a2200301 a 4500 | ||
|---|---|---|---|
| 003 | AR-BeUNQ | ||
| 005 | 20250217100823.0 | ||
| 008 | 181108s1956 ag 000 0 spa d | ||
| 999 | |c 29749 |d 113549 | ||
| 040 | |a AR-BeUNQ |b spa |e aacr | ||
| 041 | 1 | |a spa |h fre | |
| 082 | 0 | 4 | |2 21 |a 946.0824 |
| 100 | 1 | |9 492 |a Hermanos, Juan | |
| 245 | 1 | 3 | |a El fin de la esperanza : |b testimonio / |c Juan Hermanos ; prefacio de Jean-Paul Sartre ; versión española de Julio de Alava. |
| 260 | |a Buenos Aires : |b Oberon, |c 1956. | ||
| 300 | |a 112 p. ; |c 20 cm. | ||
| 500 | |a Título original: La fin de l'espoir (témoignage). | ||
| 500 | |a Incluye dos recortes de prensa adjuntados por el donante. | ||
| 500 | |a El ejemplar fue donado por Pedro Kanof "in memoria" de Renata Giorgetti, Sociologa, Danza, Terapista, Combatiente por la Justicia Social (Roma, 4.5.43 - 8.1.2006) y Gulio A. Maccacaro, Médico, Bioestadístico, Cambatiente por la Justicia Social (Codogno 8.1.1924 - Milano 15.1.1977) | ||
| 592 | |a Colección Pedro Kanof | ||
| 650 | 7 | |a Dictadura |2 spines | |
| 650 | 7 | |a Fascismo |2 spines | |
| 650 | 7 | |a Testimonios |2 ttll | |
| 651 | 7 | |a España |2 spines | |
| 700 | 1 | |4 aui |9 493 |a Sartre, Jean-Paul |d 1905-1980 |e prologuista | |
| 700 | 1 | |4 trl |9 494 |a Alava, Julio de |e traductor | |
| 929 | |a DONACION |b Pedro Kanof |d 200,00 |e 20171204 |g 3328 |h 1 |f PAT0069361 |j 57701 | ||
| 942 | |c LIB |n 0 | ||